Fernández de Lizardi. Un educador para un pueblo : (Record no. 41681)

MARC details
000 -LEADER
fixed length control field 01040nam a22002417a 4500
008 - FIXED-LENGTH DATA ELEMENTS--GENERAL INFORMATION
fixed length control field 130918t mx||||| |||| 00| 0 spa d
020 ## - INTERNATIONAL STANDARD BOOK NUMBER
International Standard Book Number 9703212816 (Obra completa)
020 ## - INTERNATIONAL STANDARD BOOK NUMBER
International Standard Book Number 9703212824 (V.1.)
020 ## - INTERNATIONAL STANDARD BOOK NUMBER
International Standard Book Number 9703212832 (V.2)
050 04 - LIBRARY OF CONGRESS CALL NUMBER
Classification number LB675 .F47
Item number H47 2003
100 1# - MAIN ENTRY--PERSONAL NAME
Personal name Hernández García, Jesús
245 ## - TITLE STATEMENT
Title Fernández de Lizardi. Un educador para un pueblo :
Remainder of title la educación en su obra priodística y narrativa /
Statement of responsibility, etc Jesús Hernández García
250 ## - EDITION STATEMENT
Edition statement 1a ed.
260 ## - PUBLICATION, DISTRIBUTION, ETC. (IMPRINT)
Place of publication, distribution, etc México :
Name of publisher, distributor, etc Universidad Nacional Autónoma de México : Universidad Pedagógica Nacional,
Date of publication, distribution, etc 2003
300 ## - PHYSICAL DESCRIPTION
Extent 2v. :
Other physical details il. ;
Dimensions 23 cm.
440 #0 - SERIES STATEMENT/ADDED ENTRY--TITLE
Title Colección : Historia, Ciudadanía y Magisterio ;
Volume number/sequential designation 2
504 ## - BIBLIOGRAPHY, ETC. NOTE
Bibliography, etc Bibliografía : p. 1051-1069 e índice
600 14 - SUBJECT ADDED ENTRY--PERSONAL NAME
Personal name Fernandez de Lizardi, Jose Joaquin,
Dates associated with a name 1776-1827
General subdivision Puntos de vista sobre la Educación
650 #4 - SUBJECT ADDED ENTRY--TOPICAL TERM
Topical term or geographic name as entry element Educación
Geographic subdivision México
General subdivision Historia
Chronological subdivision Siglo XIX
650 #4 - SUBJECT ADDED ENTRY--TOPICAL TERM
Topical term or geographic name as entry element Educación
Geographic subdivision México
General subdivision Articulos periodisticos
650 #4 - SUBJECT ADDED ENTRY--TOPICAL TERM
Topical term or geographic name as entry element Educación e la literatura
942 ## - ADDED ENTRY ELEMENTS (KOHA)
Source of classification or shelving scheme Biblioteca del Cogreso de los Estados Unidos
Koha item type Libro
Holdings
Estado de pérdida Fuente de clasificación Estado del daño No para préstamo Ubicación permanente Ubicación actual Fecha de adquisición Fuente de adquisición Enumeración de Serie / Cronológica Clasificación Código de Barras Date last seen Número de copia Tipo de recurso Nota pública
  Biblioteca del Cogreso de los Estados Unidos     Biblioteca de la Facultad de Letras Biblioteca de la Facultad de Letras 18/09/2013   LLH000002967 LB675 .F47 H47 2003 V.1 LLH000002967 16/01/2015 V.1 C:1 Libro General
  Biblioteca del Cogreso de los Estados Unidos     Biblioteca de la Facultad de Letras Biblioteca de la Facultad de Letras 18/09/2013   LLH000002968 LB675 .F47 H47 2003 V.2 LLH000002968 18/09/2013 V.2 C:1 Libro General